Welcome to CU Library Online Public Access Catalogue (OPAC)

Organizational behavior / (Record no. 1774)

MARC details
000 -LEADER
fixed length control field 00625cam a22002054a 4500
001 - CONTROL NUMBER
control field 12881063
005 - DATE AND TIME OF LATEST TRANSACTION
control field 20241129162435.0
008 - FIXED-LENGTH DATA ELEMENTS--GENERAL INFORMATION
fixed length control field 020802s2003 njua b 001 0 eng
020 ## - INTERNATIONAL STANDARD BOOK NUMBER
International Standard Book Number 0131000691
020 ## - INTERNATIONAL STANDARD BOOK NUMBER
International Standard Book Number 9780131000698
050 00 - LIBRARY OF CONGRESS CALL NUMBER
Classification number HD58.7
Item number .R62 2003
082 00 - DEWEY DECIMAL CLASSIFICATION NUMBER
Classification number 658.3
Edition information 21
100 1# - MAIN ENTRY--PERSONAL NAME
Personal name Robbins, Stephen P.,
Dates associated with a name 1943-
245 10 - TITLE STATEMENT
Title Organizational behavior /
Statement of responsibility, etc. Stephen P. Robbins.
250 ## - EDITION STATEMENT
Edition statement 10th ed.
260 ## - PUBLICATION, DISTRIBUTION, ETC.
Place of publication, distribution, etc. Upper Saddle River, NJ :
Name of publisher, distributor, etc. Prentice Hall,
Date of publication, distribution, etc. c2003.
300 ## - PHYSICAL DESCRIPTION
Extent xxix, 675 p. :
Other physical details col. ill. ;
Dimensions 26 cm. +
Accompanying material 1 CD-ROM (4 3/4 in.)
650 #0 - SUBJECT ADDED ENTRY--TOPICAL TERM
Topical term or geographic name entry element Organizational behavior.
942 ## - ADDED ENTRY ELEMENTS (KOHA)
Source of classification or shelving scheme Library of Congress Classification
Koha item type Books
Edition 10th Ed.
Suppress in OPAC No
999 ## -
-- 1774
-- 1774
Holdings
Withdrawn status Lost status Source of classification or shelving scheme Damaged status Not for loan Collection Home library Current library Shelving location Date acquired Total checkouts Full call number Barcode Date last seen Copy number Price effective from Koha item type
    Library of Congress Classification     Non-fiction Business Library (Miotso) Business Library (Miotso) General stacks 11/29/2024   HD58.7 .R62 2003 BSSM00000297 11/29/2024 1 11/29/2024 Books
© 2023-2024 Copyright: Central University Libraries. All Rights Reserved | Created by: Mahone Tech Office